00695nam a22001577a 4500008004100000020001500041050001600056100002300072245006500095250001200160260003600172300004000208500001900248505025400267650001600521120314t xxu||||| |||| 00| 0 eng d a0273688766 aHD58.7.M851 aMullins, Laurie J. aManagement and organisational behaviour /cLaurie J. Mullins a7th ed. aHarlow:bPrentice Hall,cc2004. axxii, 1049p.bill(some col.)c26cm. aIncludes index aContents: Management and organisational behaviour -- The Organisational setting -- The Role of the manager -- The Individual -- Groups and teamwork -- Organisatinal structures -- Management of human resources -- Improving organisational performance. aManagement.